Statistics for Carinal Directions in Europe Quiz

Click here to take the quiz!

General Stats

  • This quiz has been taken 14 times
  • The average score is 8 of 12

Answer Stats

Language Direction Answer % Correct
FrenchNorthNord
100%
FrenchSouthSud
100%
GermanSouthSüd
100%
FrenchEastEst
92%
FrenchWestOuest
85%
GermanWestWest
85%
SpanishEastEste
69%
SpanishNorthNorte
62%
SpanishSouthSur
46%
GermanNorthNorden
38%
GermanEastOsten
38%
SpanishWestOeste
31%

Score Distribution

Percentile by Number Answered

Percent of People with Each Score

Your Score History

You have not taken this quiz